Loading...
Third world in the age of qlobalisation ; requiem or new agenda
| Main Author: | |
|---|---|
| Format: | Printed Book |
| Language: | Undetermined English |
| Published: |
Delhi
Madyam Books
1999
|
| Subjects: |
| LEADER | 00594nam a2200181Ia 4500 | ||
|---|---|---|---|
| 008 | 140306s9999 xx 000 0 und d | ||
| 020 | |a 1856497968 | ||
| 041 | |a eng | ||
| 082 | |a 382.71 |b ASH/TH | ||
| 100 | |a Ash Narain Roy | ||
| 245 | |a Third world in the age of qlobalisation ; requiem or new agenda | ||
| 260 | |a Delhi |b Madyam Books |c 1999 | ||
| 300 | |a 138 | ||
| 365 | |b USD.23.95 | ||
| 650 | |a Economic integration | ||
| 942 | |2 ddc |c BK | ||
| 999 | |c 179763 |d 179763 | ||
| 952 | |0 0 |1 0 |2 ddc |4 0 |6 382_710000000000000_ASH_TH |7 0 |9 184981 |a KAUCBV |b KAUCBV |d 2004-05-02 |g 23.95 |o 382.71 ASH/TH |r 2014-03-22 |w 2014-03-22 |y BK | ||